[Event "Rewal 2011 - Open A"]
[Site "Rewal"]
[Date "2011.08.22"]
[Round "3.22"]
[White "Mroziak, Maciej"]
[Black "Lapaj, Mateusz"]
[Result "1/2-1/2"]
[WhiteElo "2153"]
[BlackElo "2021"]
[EventDate "2011.??.??"]
[PlyCount "90"]

1.e4 e6 2.d3 c5 3.g3 Nc6 4.Nf3 g6 5.Bg2 Bg7 6.O-O Nge7 7.Re1 O-O 8.Nbd2 d5
9.e5 Qc7 10.Qe2 b6 11.Nf1 Nf5 12.c3 Ba6 13.Bf4 b5 14.Ne3 Nxe3 15.Qxe3 Ne7 
16.g4 Rab8 17.Bh6 b4 18.h4 bxc3 19.bxc3 Rfc8 20.h5 Qd8 21.Bxg7 Kxg7 22.h6+
Kg8 23.Rab1 Rb6 24.Rxb6 axb6 25.Rc1 Nc6 26.c4 dxc4 27.dxc4 Rc7 28.Qf4 Rd7 
29.Ng5 Nd4 30.Re1 Bxc4 31.Kh2 Bd5 32.Bxd5 exd5 33.e6 Nxe6 34.Nxe6 fxe6 35.
Rxe6 Rf7 36.Qg3 Rf6 37.Qe5 Kf7 38.Rxf6+ Qxf6 39.Qxd5+ Qe6 40.Qb7+ Qe7 41.
Qxb6 Qh4+ 42.Kg2 Qxg4+ 43.Kf1 Qd1+ 44.Kg2 Qg4+ 45.Kf1 Qd1+ 1/2-1/2

[Event "Rewal 2011 - Open A"]
[Site "Rewal"]
[Date "2011.08.22"]
[Round "3.23"]
[White "Musialkiewicz, Jan"]
[Black "Leczycki, Pawel"]
[Result "1/2-1/2"]
[WhiteElo "2150"]
[BlackElo "2002"]
[EventDate "2011.??.??"]
[PlyCount "111"]

1.e4 e5 2.Nf3 Nc6 3.d4 exd4 4.Nxd4 Bc5 5.Nxc6 Qf6 6.Qf3 bxc6 7.Nd2 d5 8.
exd5 Qxf3 9.Nxf3 cxd5 10.Bb5+ Bd7 11.Bxd7+ Kxd7 12.O-O f6 13.Rd1 Ne7 14.c4
c6 15.Bf4 Bd6 16.Be3 dxc4 17.Nd2 Nd5 18.Nxc4 Rhc8 19.Rac1 g5 20.g3 Rc7 21.
Bd4 Be7 22.Ne3 Nxe3 23.Bxe3+ Ke6 24.Re1 Kf7 25.Rc4 Rac8 26.b3 h6 27.Kg2 
Kg6 28.Re2 Rd8 29.Rec2 Rdc8 30.Ra4 c5 31.Rac4 Bd6 32.Ra4 Rb8 33.Ra5 Rb6 
34.Bxc5 Bxc5 35.Raxc5 Rxc5 36.Rxc5 Ra6 37.a4 Rb6 38.Ra5 Rxb3 39.Rxa7 g4 
40.h3 h5 41.a5 Rb1 42.a6 Ra1 43.Ra8 Kh7 44.h4 Kg7 45.a7 Kh7 46.f4 Ra2+ 47.
Kf1 Kg7 48.Ke1 Ra1+ 49.Kd2 Ra2+ 50.Kc3 Ra1 51.Kd4 Rd1+ 52.Kc4 Rc1+ 53.Kb3 
Ra1 54.Kc4 Rc1+ 55.Kb3 Ra1 56.Kc4 1/2-1/2

[Event "Rewal 2011 - Open A"]
[Site "Rewal"]
[Date "2011.08.22"]
[Round "3.24"]
[White "Siwiec, Arkadiusz"]
[Black "Zochowski, Kacper"]
[Result "0-1"]
[WhiteElo "2144"]
[BlackElo "1954"]
[EventDate "2011.??.??"]
[PlyCount "73"]

1.e4 c5 2.Nf3 d6 3.d4 cxd4 4.Nxd4 Nf6 5.Nc3 a6 6.Bg5 e6 7.f4 b5 8.e5 dxe5 
9.fxe5 Qc7 10.exf6 Qe5+ 11.Be2 Qxg5 12.O-O Ra7 13.Qd3 Rd7 14.Ne4 Qe5 15.
Nf3 Qxb2 16.Qe3 Bb7 17.c4 Bxe4 18.Qxe4 gxf6 19.cxb5 Bg7 20.Qc4 f5 21.Rab1 
Qa3 22.bxa6 O-O 23.Rb3 Qa5 24.Rfb1 Rdd8 25.Rb7 Rc8 26.Qb5 Qxa2 27.a7 Nc6 
28.Bc4 Qc2 29.Bd3 Qa2 30.Bc4 Qa3 31.Qb6 Qc3 32.Be2 Nd4 33.Qa6 Qe3+ 34.Kf1 
Nxf3 35.gxf3 Bd4 36.Kg2 Rc2 37.Re1 0-1

[Event "Rewal 2011 - Open A"]
[Site "Rewal"]
[Date "2011.08.22"]
[Round "3.25"]
[White "Koitka, Jakub"]
[Black "Kielar, Maciej"]
[Result "0-1"]
[WhiteElo "1917"]
[BlackElo "2138"]
[EventDate "2011.??.??"]
[PlyCount "102"]

1.e4 c5 2.Nf3 d6 3.d4 cxd4 4.Nxd4 Nf6 5.Nc3 g6 6.Be3 Bg7 7.f3 Nc6 8.Qd2 
O-O 9.O-O-O Bd7 10.Kb1 Qa5 11.g4 Rfc8 12.h4 Ne5 13.h5 Nxf3 14.Nxf3 Rxc3 
15.Qxc3 Qxc3 16.bxc3 Bxg4 17.Bg2 Nxe4 18.Rd3 Nxc3+ 19.Kc1 Bxh5 20.Rh4 Rc8 
21.Bd4 Ne2+ 22.Kd2 Bxf3 23.Bxg7 Bxg2 24.Bh6 Bc6 25.Kxe2 Bb5 26.Kd2 Bxd3 
27.Kxd3 d5 28.Rb4 Rc7 29.Rb5 e6 30.Bf4 Rd7 31.Be5 b6 32.Rb4 g5 33.Rg4 h6 
34.Rg3 Kh7 35.Rf3 f5 36.Kd4 Kg6 37.Bb8 Rb7 38.Bd6 h5 39.Ke5 g4 40.Rf1 h4 
41.Kxe6 Rf7 42.Rh1 Rf6+ 43.Kxd5 Rxd6+ 44.Kxd6 Kg5 45.Ke5 g3 46.Rf1 g2 47.
Rxf5+ Kg4 48.Rf6 h3 49.Ke4 Kg5 50.Rf8 h2 51.Rg8+ Kf6 0-1

[Event "Rewal 2011 - Open A"]
[Site "Rewal"]
[Date "2011.08.22"]
[Round "3.26"]
[White "Licznerski, Lukasz"]
[Black "Kubica, Kamil"]
[Result "0-1"]
[WhiteElo "2122"]
[BlackElo "1941"]
[EventDate "2011.??.??"]
[PlyCount "100"]

1.b3 Nf6 2.Bb2 e6 3.e3 d5 4.Nf3 g6 5.c4 Bg7 6.Be2 b6 7.cxd5 exd5 8.d4 O-O 
9.Nbd2 Nbd7 10.Rc1 Bb7 11.Bb5 Rc8 12.Ba3 Re8 13.Qe2 c6 14.Ba6 Bxa6 15.Qxa6
Qc7 16.O-O Ne4 17.Nxe4 dxe4 18.Nd2 f5 19.Qe2 Nf6 20.Nc4 Re6 21.f4 exf3 22.
gxf3 Nd5 23.Bb2 Bh6 24.Kh1 b5 25.Ne5 Bxe3 26.Rc2 Rce8 27.a3 a6 28.Qd3 Bh6 
29.Re1 Nf4 30.Qc3 Qd6 31.Rf1 Rc8 32.Qa5 Rxe5 33.dxe5 Qd3 34.Rcf2 Nh3 35.
Qxa6 Nxf2+ 36.Rxf2 Qd7 37.Qb6 Re8 38.Qc5 Rd8 39.Kg2 f4 40.Re2 Bf8 41.Qc2 
Qd1 42.Bc1 g5 43.h4 Bc5 44.Qxd1 Rxd1 45.Bd2 Rg1+ 46.Kh2 g4 47.b4 Bd4 48.e6
Kf8 49.Bc3 g3+ 50.Kh3 Bxc3 0-1

[Event "Rewal 2011 - Open A"]
[Site "Rewal"]
[Date "2011.08.22"]
[Round "3.27"]
[White "Paszewski, Mateusz"]
[Black "Cukrowski, Filip"]
[Result "1/2-1/2"]
[WhiteElo "1905"]
[BlackElo "2113"]
[EventDate "2011.??.??"]
[PlyCount "53"]

1.c4 Nf6 2.g3 g6 3.Bg2 Bg7 4.Nc3 O-O 5.d3 d6 6.e3 e5 7.Nge2 Nbd7 8.O-O Re8
9.e4 c6 10.h3 Rb8 11.a4 a6 12.f4 b5 13.axb5 axb5 14.cxb5 Qb6+ 15.Kh2 cxb5 
16.f5 h6 17.fxg6 fxg6 18.b4 Kh7 19.Ra5 Ba6 20.Be3 Qxe3 21.Rxa6 Re6 22.Rf3 
Qg5 23.Qb3 Nf8 24.Ra5 Qd2 25.Ra2 Qg5 26.Ra5 Qd2 27.Qa2 1/2-1/2

[Event "Rewal 2011 - Open A"]
[Site "Rewal"]
[Date "2011.08.22"]
[Round "3.29"]
[White "Smolka, Marcin"]
[Black "Zielinski, Wojciech"]
[Result "1-0"]
[WhiteElo "1862"]
[BlackElo "2097"]
[EventDate "2011.??.??"]
[PlyCount "95"]

1.e4 e6 2.d4 d5 3.Nc3 Nf6 4.e5 Nfd7 5.f4 c5 6.Nf3 Nc6 7.Be3 cxd4 8.Nxd4 
Bc5 9.Qd2 a6 10.Be2 Nxd4 11.Bxd4 b5 12.Bxc5 Nxc5 13.Qd4 Qb6 14.b4 Nd7 15.
Qxb6 Nxb6 16.a4 bxa4 17.Nxa4 Nxa4 18.Rxa4 Bb7 19.Kd2 Kd7 20.Rha1 Kc7 21.
Bxa6 Kb6 22.b5 Rhc8 23.Kd3 Rc4 24.Rxc4 dxc4+ 25.Kxc4 Rc8+ 26.Kd3 Rd8+ 27.
Ke3 Ba8 28.c4 g6 29.g3 Bg2 30.Rg1 Ba8 31.Rf1 Kc5 32.Rf2 Rd4 33.Rb2 Rd7 34.
b6 Bb7 35.Bxb7 Rxb7 36.Kd3 h6 37.Kc3 g5 38.Rb5+ Kc6 39.Kb4 g4 40.Rc5+ Kxb6
41.Rb5+ Kc6 42.Rxb7 Kxb7 43.Kb5 h5 44.c5 Kc7 45.c6 Kc8 46.Kb6 Kb8 47.c7+ 
Kc8 48.Kc6 1-0

[Event "Rewal 2011 - Open A"]
[Site "Rewal"]
[Date "2011.08.22"]
[Round "3.30"]
[White "Krupa, Krzysztof"]
[Black "Jaroch, Pawel"]
[Result "0-1"]
[WhiteElo "2035"]
[BlackElo "2250"]
[EventDate "2011.??.??"]
[PlyCount "86"]

1.e4 e6 2.d4 d5 3.Nc3 Nf6 4.Bg5 Be7 5.e5 Nfd7 6.h4 Nc6 7.Qg4 h5 8.Bxe7 
hxg4 9.Bxd8 Kxd8 10.O-O-O f6 11.f4 Ne7 12.exf6 gxf6 13.Re1 Nf5 14.Be2 Rg8 
15.Bd3 Nxd4 16.f5 Ne5 17.fxe6 Bxe6 18.Kd2 c6 19.Nce2 Nxe2 20.Nxe2 Ke7 21.
Nf4 Rh8 22.h5 Rh6 23.Rhf1 Bf7 24.Bf5 Bxh5 25.Rh1 Rah8 26.Rh4 Bf7 27.Rxh6 
Rxh6 28.Nd3 Rh2 29.Re2 Bh5 30.Nxe5 fxe5 31.Bc8 Kd6 32.Ke3 g3 33.Rd2 Rh4 
34.Bxb7 Re4+ 35.Kd3 Rd4+ 36.Kc3 Rxd2 37.Kxd2 Bf3 38.Ba6 Bxg2 39.Ke2 d4 40.
Bc8 e4 41.Bg4 c5 42.a3 a5 43.b3 Ke5 0-1

[Event "Rewal 2011 - Open A"]
[Site "Rewal"]
[Date "2011.08.22"]
[Round "3.31"]
[White "Smola, Michal"]
[Black "Przybylka, Damian"]
[Result "1/2-1/2"]
[WhiteElo "2187"]
[BlackElo "2030"]
[EventDate "2011.??.??"]
[PlyCount "24"]

1.e4 e6 2.d3 d5 3.Nd2 g6 4.Ngf3 Bg7 5.g3 Ne7 6.Bg2 c5 7.O-O Nbc6 8.Re1 O-O
9.e5 Qc7 10.Qe2 g5 11.Nxg5 Qxe5 12.Qxe5 Nxe5 1/2-1/2

[Event "Rewal 2011 - Open A"]
[Site "Rewal"]
[Date "2011.08.22"]
[Round "3.32"]
[White "Siedlinski, Piotr"]
[Black "Ziebinski, Bartosz"]
[Result "1-0"]
[WhiteElo "2078"]
[BlackElo "2003"]
[EventDate "2011.??.??"]
[PlyCount "59"]

1.e4 c5 2.Nf3 d6 3.d4 cxd4 4.Qxd4 a6 5.c4 Nc6 6.Qd1 g6 7.Nc3 Bg7 8.Be3 Nf6
9.h3 O-O 10.Be2 Nd7 11.O-O Nc5 12.Nd2 f5 13.exf5 gxf5 14.f4 Nd4 15.Nf3 
Nxe2+ 16.Qxe2 b6 17.Rad1 Bb7 18.Bd4 Qc7 19.Bxg7 Kxg7 20.b4 Ne4 21.Nxe4 
fxe4 22.Ng5 Rf6 23.f5 Qc6 24.Rd4 Rg8 25.Rxe4 Kh8 26.h4 h6 27.Rxe7 Rgf8 28.
Rf2 b5 29.Rh7+ Kg8 30.Qe7 1-0

[Event "Rewal 2011 - Open A"]
[Site "Rewal"]
[Date "2011.08.22"]
[Round "3.34"]
[White "Gajek, Radoslaw"]
[Black "Mlodzinska, Irena"]
[Result "1-0"]
[WhiteElo "2054"]
[BlackElo "1926"]
[EventDate "2011.??.??"]
[PlyCount "31"]

1.e4 c5 2.Nf3 d6 3.d4 cxd4 4.Nxd4 Nf6 5.Nc3 a6 6.Bg5 e6 7.f4 h6 8.Bh4 Be7 
9.Qf3 Nbd7 10.O-O-O g5 11.fxg5 Ne5 12.gxf6 Nxf3 13.fxe7 Qc7 14.gxf3 Bd7 
15.Ndb5 axb5 16.Nxb5 1-0

[Event "Rewal 2011 - Open A"]
[Site "Rewal"]
[Date "2011.08.22"]
[Round "3.36"]
[White "Sliwerski, Radoslaw"]
[Black "Bes, Michal"]
[Result "1-0"]
[WhiteElo "2174"]
[BlackElo "1906"]
[EventDate "2011.??.??"]
[PlyCount "63"]

1.d4 d5 2.c4 c5 3.cxd5 Qxd5 4.Nf3 cxd4 5.Nc3 Qd8 6.Qxd4 Qxd4 7.Nxd4 Nf6 8.
Bf4 Bd7 9.e4 Nc6 10.Ndb5 O-O-O 11.Rc1 e5 12.Be3 Kb8 13.f3 Be6 14.Na3 Ne8 
15.Nc2 Nd6 16.b3 Nc8 17.Be2 Nb4 18.Nxb4 Bxb4 19.Kf2 Ba5 20.Na4 f6 21.Rc2 
Ne7 22.Rhc1 Nc6 23.Nc5 Bc8 24.a3 Nd4 25.Bxd4 Rxd4 26.b4 Bb6 27.Bc4 Rhd8 
28.Bd5 a5 29.bxa5 Bxa5 30.Rb1 Rd6 31.Nxb7 Bb6 32.Rxc8+ 1-0

[Event "Rewal 2011 - Open A"]
[Site "Rewal"]
[Date "2011.08.22"]
[Round "3.38"]
[White "Zmarzly, Aleksandra"]
[Black "Jarus, Grzegorz"]
[Result "1-0"]
[WhiteElo "2094"]
[BlackElo "1858"]
[EventDate "2011.??.??"]
[PlyCount "85"]

1.d4 Nf6 2.c4 g6 3.Nc3 d6 4.e4 Bg7 5.f3 a6 6.Nge2 O-O 7.Be3 Nc6 8.Qd2 Rb8 
9.Nc1 e5 10.d5 Ne7 11.g4 Bd7 12.h4 h5 13.g5 Ne8 14.b4 b6 15.Nb3 c5 16.b5 
a5 17.Bg2 Nc7 18.O-O Ne8 19.Qf2 f5 20.gxf6 Nxf6 21.Qg3 Nh7 22.Ne2 Kh8 23.
Rae1 Nf6 24.Nd2 Rg8 25.Kh1 Qc7 26.Ng1 Rbf8 27.Nh3 Nh7 28.a4 Bf6 29.f4 Qc8 
30.Nf3 Qc7 31.Bc1 Rc8 32.Nhg5 Nxg5 33.Nxg5 Rcf8 34.fxe5 Bxe5 35.Qe3 Bg7 
36.Qg3 Nc8 37.Rf7 Rxf7 38.Nxf7+ Kh7 39.Bf4 Be5 40.Bxe5 dxe5 41.Qg5 Bf5 42.
exf5 Qxf7 43.fxg6+ 1-0

[Event "Rewal 2011 - Open A"]
[Site "Rewal"]
[Date "2011.08.22"]
[Round "3.40"]
[White "Duszenko, Michal"]
[Black "Spicak, Krzysztof"]
[Result "0-1"]
[WhiteElo "1840"]
[BlackElo "2054"]
[EventDate "2011.??.??"]
[PlyCount "96"]

1.e4 e6 2.d4 d5 3.Nd2 Nf6 4.e5 Nfd7 5.Bd3 c5 6.c3 Nc6 7.Ne2 cxd4 8.cxd4 
Qb6 9.Nf3 Bb4+ 10.Bd2 Be7 11.b3 f6 12.Bc3 fxe5 13.dxe5 Nc5 14.Bb1 Ne4 15.
O-O Nxc3 16.Nxc3 O-O 17.a3 Qd8 18.Re1 g6 19.Qd2 Kg7 20.Bd3 Bd7 21.Nd1 Qb6 
22.Bc2 Rac8 23.Ne3 h5 24.b4 Qc7 25.b5 Na5 26.Qd3 Be8 27.Nd4 Qb6 28.a4 Bc5 
29.Nb3 Bxe3 30.Rxe3 Nc4 31.Re2 Na5 32.Nd4 Nc4 33.a5 Nxa5 34.Nxe6+ Qxe6 35.
Rxa5 Qb6 36.Qa3 Bxb5 37.Rd2 a6 38.h3 d4 39.Bd3 Bxd3 40.Rxd3 Rcd8 41.Ra4 
Qb1+ 42.Kh2 Rxf2 43.Raxd4 Rdf8 44.Rd2 Qe1 45.Qe7+ R8f7 46.Qg5 Rf1 47.g4 
Rh1+ 48.Kg2 Qg1# 0-1

[Event "Rewal 2011 - Open A"]
[Site "Rewal"]
[Date "2011.08.22"]
[Round "3.41"]
[White "Gabrys, Sebastian"]
[Black "Tomaszewska, Luiza"]
[Result "0-1"]
[WhiteElo "1805"]
[BlackElo "1993"]
[EventDate "2011.??.??"]
[PlyCount "56"]

1.e4 c5 2.Nf3 d6 3.d4 cxd4 4.Qxd4 Nc6 5.Bb5 Bd7 6.Bxc6 Bxc6 7.Nc3 Nf6 8.
Bg5 e6 9.O-O-O Be7 10.Rhe1 Qa5 11.e5 dxe5 12.Nxe5 Rd8 13.Nxc6 Qxg5+ 14.f4 
Rxd4 15.fxg5 Rxd1+ 16.Rxd1 bxc6 17.gxf6 gxf6 18.Rd4 f5 19.Ra4 Bc5 20.Rh4 
Ke7 21.Kd2 a6 22.g3 h5 23.Ne2 e5 24.b4 Bf2 25.Rc4 Rh6 26.b5 Rd6+ 27.Kc1 
cxb5 28.Rc8 Be3+ 0-1

[Event "Rewal 2011 - Open A"]
[Site "Rewal"]
[Date "2011.08.23"]
[Round "4.1"]
[White "Cyborowski, Lukasz"]
[Black "Koziak, Vitali"]
[Result "1/2-1/2"]
[WhiteElo "2537"]
[BlackElo "2484"]
[EventDate "2011.??.??"]
[PlyCount "29"]

1.Nf3 d5 2.d4 Nf6 3.c4 e6 4.Nc3 dxc4 5.e4 Bb4 6.Bg5 c5 7.Bxc4 cxd4 8.Nxd4 
Bxc3+ 9.bxc3 Qa5 10.Bb5+ Nbd7 11.Bxf6 gxf6 12.O-O a6 13.Bxd7+ Bxd7 14.Qf3 
Ke7 15.Rfb1 1/2-1/2

[Event "Rewal 2011 - Open A"]
[Site "Rewal"]
[Date "2011.08.23"]
[Round "4.2"]
[White "Strzemiecki, Zbigniew"]
[Black "Obrusnik, Michal"]
[Result "1/2-1/2"]
[WhiteElo "2420"]
[BlackElo "2255"]
[EventDate "2011.??.??"]
[PlyCount "25"]

1.c4 Nf6 2.Nc3 g6 3.g3 Bg7 4.Bg2 O-O 5.e4 d6 6.Nge2 c5 7.O-O Nc6 8.d3 Bd7 
9.h3 Ne8 10.f4 a6 11.Be3 b5 12.Qd2 Rb8 13.Rab1 1/2-1/2

[Event "Rewal 2011 - Open A"]
[Site "Rewal"]
[Date "2011.08.23"]
[Round "4.3"]
[White "Dragun, Kamil"]
[Black "Kubit, Tomasz"]
[Result "1-0"]
[WhiteElo "2428"]
[BlackElo "2178"]
[EventDate "2011.??.??"]
[PlyCount "68"]

1.e4 c5 2.Nf3 Nc6 3.d4 cxd4 4.Nxd4 Nf6 5.Nc3 e5 6.Ndb5 d6 7.Bg5 a6 8.Na3 
b5 9.Nd5 Qa5+ 10.Bd2 Qd8 11.Bd3 Nxd5 12.exd5 Ne7 13.c4 g6 14.cxb5 Bg7 15.
Qb3 O-O 16.O-O f5 17.bxa6 e4 18.Bb5 Bxa6 19.Bxa6 Rxa6 20.Bg5 Re8 21.Rac1 
Qa8 22.Nb5 Rb6 23.Bxe7 Rxe7 24.Rc6 Qa5 25.a4 Bd4 26.Qc4 e3 27.fxe3 Bxe3+ 
28.Kh1 Qd2 29.Rxd6 Rxd6 30.Nxd6 Bg5 31.h4 Re1 32.hxg5 Rxf1+ 33.Qxf1 Qxg5 
34.Qe1 Qd8 1-0

[Event "Rewal 2011 - Open A"]
[Site "Rewal"]
[Date "2011.08.23"]
[Round "4.4"]
[White "Ivanov, Mikhail M"]
[Black "Guzik, Jolanta"]
[Result "1/2-1/2"]
[WhiteElo "2410"]
[BlackElo "2150"]
[EventDate "2011.??.??"]
[PlyCount "55"]

1.d4 d5 2.Nf3 e6 3.c4 c6 4.Qc2 Nf6 5.g3 Nbd7 6.Bg2 Ne4 7.O-O Be7 8.Nbd2 f5
9.Rb1 Bf6 10.b4 Nxd2 11.Bxd2 Nb6 12.cxd5 cxd5 13.b5 Nc4 14.Bb4 Bd7 15.a4 
a6 16.bxa6 Rxa6 17.Ra1 Qa8 18.Qc3 Kf7 19.g4 fxg4 20.Ne5+ Bxe5 21.dxe5 Rxa4
22.e4 b5 23.Rad1 d4 24.Qxd4 Bc6 25.Qc5 Re8 26.f3 Qa7 27.fxg4+ Kg6 28.h4 
1/2-1/2

[Event "Rewal 2011 - Open A"]
[Site "Rewal"]
[Date "2011.08.23"]
[Round "4.5"]
[White "Sowul, Bartosz"]
[Black "Westerinen, Heikki M.j"]
[Result "1-0"]
[WhiteElo "2208"]
[BlackElo "2355"]
[EventDate "2011.??.??"]
[PlyCount "93"]

1.e4 e5 2.Nf3 Nc6 3.d4 exd4 4.Nxd4 Bc5 5.Nxc6 bxc6 6.Bd3 d6 7.Nd2 Qh4 8.
Qf3 Ne7 9.Nb3 Bb6 10.Qf4 Ng6 11.Qxh4 Nxh4 12.O-O O-O 13.c4 Be6 14.Bd2 a5 
15.Bc3 Ng6 16.g3 Bh3 17.Rfe1 a4 18.Nd4 Ne5 19.Be2 f5 20.c5 Ba7 21.Ne6 Rf6 
22.Ng5 Rh6 23.Bxe5 dxe5 24.Bc4+ Kf8 25.exf5 Bxf5 26.Rxe5 Bd7 27.b4 Re8 28.
Rxe8+ Kxe8 29.Re1+ Kf8 30.Re3 Bf5 31.Ra3 Bc2 32.Rf3+ Rf6 33.Re3 Bf5 34.g4 
h6 35.gxf5 hxg5 36.Ra3 Rxf5 37.Rxa4 Rf4 38.Bb3 Bb8 39.a3 Ke7 40.Ra8 Rf8 
41.Bd1 Ke6 42.a4 Rd8 43.Bg4+ Ke5 44.h3 Kd4 45.a5 Kc3 46.a6 Re8 47.Kg2 1-0

[Event "Rewal 2011 - Open A"]
[Site "Rewal"]
[Date "2011.08.23"]
[Round "4.6"]
[White "Bebel, Arkadiusz"]
[Black "Palosz, Andrzej"]
[Result "1-0"]
[WhiteElo "2309"]
[BlackElo "2167"]
[EventDate "2011.??.??"]
[PlyCount "41"]

1.e4 c5 2.Nf3 e6 3.c3 Nf6 4.e5 Nd5 5.Bc4 d6 6.d4 Be7 7.O-O Nc6 8.Qe2 dxe5 
9.dxe5 Qc7 10.Rd1 Bd7 11.Bxd5 exd5 12.Rxd5 O-O-O 13.Bf4 Bf5 14.Rxd8+ Rxd8 
15.Nbd2 g5 16.Nxg5 Bxg5 17.Bxg5 Rd5 18.f4 Qd7 19.Ne4 Nxe5 20.Nf6 Bg4 21.
Nxd7 1-0

[Event "Rewal 2011 - Open A"]
[Site "Rewal"]
[Date "2011.08.23"]
[Round "4.7"]
[White "Klekowski, Maciej"]
[Black "Janus, Przemyslaw"]
[Result "1/2-1/2"]
[WhiteElo "2248"]
[BlackElo "2134"]
[EventDate "2011.??.??"]
[PlyCount "47"]

1.c4 e5 2.g3 Nc6 3.Bg2 f5 4.Nc3 Nf6 5.e3 g6 6.Nge2 Bg7 7.O-O O-O 8.d3 d6 
9.Rb1 Ne7 10.e4 c6 11.b4 Be6 12.exf5 Nxf5 13.b5 Qc7 14.bxc6 bxc6 15.Qa4 
Bd7 16.Bg5 Rab8 17.Rb3 h6 18.Bxf6 Bxf6 19.Rfb1 Ne7 20.Rxb8 Rxb8 21.Rxb8+ 
Qxb8 22.c5 d5 23.h4 Qb7 24.Kh2 1/2-1/2

[Event "Rewal 2011 - Open A"]
[Site "Rewal"]
[Date "2011.08.23"]
[Round "4.8"]
[White "Szumilas, Piotr"]
[Black "Nguyen, Piotr"]
[Result "0-1"]
[WhiteElo "2162"]
[BlackElo "2378"]
[EventDate "2011.??.??"]
[PlyCount "86"]

1.e4 e6 2.Nf3 d5 3.Nc3 d4 4.Ne2 c5 5.c3 Nf6 6.cxd4 Nxe4 7.dxc5 Nxc5 8.d4 
Qa5+ 9.Nc3 Ne4 10.Bd2 Nxd2 11.Qxd2 Be7 12.Bc4 O-O 13.O-O Rd8 14.Rad1 a6 
15.Bb3 Nc6 16.d5 Bf8 17.Qg5 h6 18.Qh4 exd5 19.Bxd5 Ne7 20.Bb3 Bf5 21.Rxd8 
Rxd8 22.Re1 Ng6 23.Bxf7+ Kxf7 24.Qc4+ Kf6 25.g4 Qb4 26.Nd5+ Rxd5 27.Qxd5 
Qxg4+ 28.Kh1 Qg2+ 29.Kxg2 Nf4+ 30.Kg3 Nxd5 31.Nd4 Bd7 32.Rd1 Bd6+ 33.Kg2 
Bg4 34.Nf3 Be6 35.Nd4 Bf7 36.a3 Be5 37.Rd2 Bh5 38.Nf3 Nf4+ 39.Kg3 Bc7 40.
Rd7 Ne6+ 41.Kg2 Be8 42.Rd2 Bc6 43.h4 g5 0-1

[Event "Rewal 2011 - Open A"]
[Site "Rewal"]
[Date "2011.08.23"]
[Round "4.9"]
[White "Szmyd, Arkadiusz"]
[Black "Klim, Kamil"]
[Result "0-1"]
[WhiteElo "2155"]
[BlackElo "2328"]
[EventDate "2011.??.??"]
[PlyCount "140"]

1.e4 c5 2.Nf3 d6 3.d4 cxd4 4.Nxd4 Nf6 5.Nc3 Nc6 6.Bg5 e6 7.Qd2 a6 8.O-O-O 
Bd7 9.f4 b5 10.Bxf6 gxf6 11.f5 Nxd4 12.Qxd4 Bh6+ 13.Kb1 Bf4 14.fxe6 fxe6 
15.g3 Be5 16.Qd3 Rc8 17.Ne2 Qb6 18.Nf4 Ke7 19.Qe2 b4 20.Qg4 Rcg8 21.Qf3 
Bc6 22.Bh3 f5 23.Rhe1 b3 24.axb3 Qb7 25.Nxe6 Bxe4 26.Rxe4 Qxe4 27.Qxf5 
Qxf5 28.Bxf5 h5 29.Nc7 Rf8 30.Rf1 Rf7 31.Bd3 Rxf1+ 32.Bxf1 a5 33.Nd5+ Ke6 
34.Ne3 d5 35.Bh3+ Kd6 36.Nf5+ Kc5 37.Bf1 Bf6 38.Be2 d4 39.Bf3 h4 40.gxh4 
Bxh4 41.Nxh4 Rxh4 42.Be2 Rxh2 43.Bd3 Rh1+ 44.Ka2 Rd1 45.Be4 Kd6 46.Bf5 Ke5
47.Bg6 Kf4 48.b4 axb4 49.Kb3 Rb1 50.c4 Rg1 51.Bh7 Rg7 52.Bb1 Ke3 53.Kxb4 
Rb7+ 54.Ka3 d3 55.b4 Ra7+ 56.Kb2 Ra4 57.Kc3 d2 58.Bc2 Ra2 59.Bd1 Ra1 60.
Bg4 Rc1+ 61.Kb3 Kd3 62.c5 Rb1+ 63.Ka4 Kc3 64.Ka5 Rxb4 65.Bf3 Rf4 66.Bd1 
Rf1 67.Be2 Re1 68.Bf3 Kd4 69.c6 Kc5 70.Ka6 Re7 0-1

[Event "Rewal 2011 - Open A"]
[Site "Rewal"]
[Date "2011.08.23"]
[Round "4.10"]
[White "Mitura, Vaclav"]
[Black "Maljush, Andrej"]
[Result "1/2-1/2"]
[WhiteElo "2150"]
[BlackElo "2316"]
[EventDate "2011.??.??"]
[PlyCount "69"]

1.d4 g6 2.Nf3 Bg7 3.e4 d6 4.Be2 Nf6 5.Nc3 c6 6.a4 O-O 7.O-O Qc7 8.h3 Nbd7 
9.Be3 e5 10.dxe5 dxe5 11.Qd2 Re8 12.Rfd1 Bf8 13.Bc4 Nc5 14.Ng5 Ne6 15.Qe2 
Nh5 16.Nxe6 Bxe6 17.Bxe6 Rxe6 18.Qc4 Qe7 19.Ne2 Nf4 20.Rd2 a6 21.Rad1 b5 
22.Qb3 Nxe2+ 23.Rxe2 Rd8 24.Red2 Rxd2 25.Rxd2 Qh4 26.axb5 cxb5 27.Qd5 Kg7 
28.Qa8 Be7 29.Rd7 Qf6 30.Qb7 h6 31.Rc7 g5 32.Rc8 Rd6 33.Qa8 Bd8 34.Rc3 g4 
35.Qc8 1/2-1/2

[Event "Rewal 2011 - Open A"]
[Site "Rewal"]
[Date "2011.08.23"]
[Round "4.11"]
[White "Szusterowski, Radoslaw"]
[Black "Ziaziulkina, Nastassia"]
[Result "0-1"]
[WhiteElo "2122"]
[BlackElo "2291"]
[EventDate "2011.??.??"]
[PlyCount "88"]

1.d4 Nf6 2.Nf3 e6 3.c4 b6 4.g3 Bb7 5.Bg2 Be7 6.O-O O-O 7.Nc3 Ne4 8.Qc2 
Nxc3 9.Qxc3 f5 10.b3 Bf6 11.Bb2 d6 12.Rfd1 Nd7 13.Ng5 Bxg5 14.Bxb7 Rb8 15.
Bg2 f4 16.gxf4 Bxf4 17.e3 Bxh2+ 18.Kf1 Qh4 19.f3 Nf6 20.Ke2 Nh5 21.Rd2 Rf6
22.Kd1 Bg3 23.Re2 Rg6 24.Kc2 Qe7 25.Rh1 Bh4 26.Rd2 Ng3 27.Rh2 Rf8 28.f4 
Nf5 29.Re2 Rg3 30.Rh3 Qf6 31.Qd2 Qg6 32.Kc1 Nxe3 33.Qxe3 Rxe3 34.Rhxe3 Bg3
35.Be4 Qh5 36.Bf3 Qf5 37.Be4 Qxf4 38.Kc2 Bf2 39.Rh3 g6 40.Rf3 Qxf3 41.Bxf3
Rxf3 42.Rxe6 Kf7 43.d5 h5 44.Bc1 Rf5 0-1

[Event "Rewal 2011 - Open A"]
[Site "Rewal"]
[Date "2011.08.23"]
[Round "4.12"]
[White "Wandzik, Wojciech"]
[Black "Dowgird, Filip"]
[Result "0-1"]
[WhiteElo "2239"]
[BlackElo "2110"]
[EventDate "2011.??.??"]
[PlyCount "64"]

1.e4 e6 2.d4 d5 3.Nc3 Bb4 4.exd5 exd5 5.Bd3 Nc6 6.a3 Bxc3+ 7.bxc3 Nf6 8.
Bg5 Qd6 9.Ne2 Bg4 10.f3 Bh5 11.O-O Bg6 12.Ng3 O-O-O 13.a4 h6 14.Be3 Na5 
15.Rb1 Rhe8 16.Qc1 a6 17.Bf4 Qc6 18.Qa3 Nc4 19.Qa2 Nb6 20.a5 Na4 21.Rb4 
Nxc3 22.Qb3 Re7 23.Nf5 Bxf5 24.Bxf5+ Nd7 25.Kh1 g6 26.Bd3 Rde8 27.Bd2 Nb5 
28.Bxb5 axb5 29.Rxb5 Re2 30.Bf4 Re1 31.Qd3 Qxc2 32.Rb1 Rxb1 0-1

[Event "Rewal 2011 - Open A"]
[Site "Rewal"]
[Date "2011.08.23"]
[Round "4.13"]
[White "Kielar, Maciej"]
[Black "Nasuta, Grzegorz"]
[Result "1/2-1/2"]
[WhiteElo "2138"]
[BlackElo "2237"]
[EventDate "2011.??.??"]
[PlyCount "72"]

1.e4 c5 2.Nf3 d6 3.d4 cxd4 4.Nxd4 Nf6 5.Nc3 a6 6.Bg5 e6 7.f4 Qc7 8.Qf3 b5 
9.Bxf6 gxf6 10.O-O-O b4 11.Nce2 Nd7 12.g4 Bb7 13.Ng3 d5 14.Bg2 Nc5 15.Qe3 
O-O-O 16.exd5 Bxd5 17.Bxd5 Rxd5 18.Nde2 Rxd1+ 19.Rxd1 Be7 20.Ne4 Rd8 21.
Rxd8+ Kxd8 22.Nxc5 Bxc5 23.Qd3+ Qd6 24.Qxd6+ Bxd6 25.Kd2 Kc7 26.Kd3 Kb6 
27.Kc4 Kc6 28.h3 a5 29.b3 Kb6 30.f5 Be5 31.Nc1 Kc6 32.Nd3 Bd6 33.Kd4 Bg3 
34.Ke4 Bc7 35.Nb2 Kb5 36.Nc4 Kc5 1/2-1/2

[Event "Rewal 2011 - Open A"]
[Site "Rewal"]
[Date "2011.08.23"]
[Round "4.14"]
[White "Zochowski, Kacper"]
[Black "Szymanski, Andrzej"]
[Result "1/2-1/2"]
[WhiteElo "1954"]
[BlackElo "2214"]
[EventDate "2011.??.??"]
[PlyCount "63"]

1.e4 c5 2.Nf3 Nc6 3.d4 cxd4 4.Nxd4 Nf6 5.Nc3 d6 6.Bg5 e6 7.Qd2 Be7 8.O-O-O
h6 9.Bxf6 Bxf6 10.Nxc6 bxc6 11.Qxd6 Bg5+ 12.Kb1 Qxd6 13.Rxd6 Bb7 14.Bc4 
Rd8 15.Rxd8+ Kxd8 16.f4 Be7 17.f5 Bc8 18.Ne2 exf5 19.exf5 Kc7 20.Rf1 Rf8 
21.Ng3 Bd6 22.a3 Bd7 23.Ka2 Bxg3 24.hxg3 f6 25.Bd3 Re8 26.b3 c5 27.Rf4 Bc6
28.Bc4 Bxg2 29.Rg4 Re7 30.Be6 Kd6 31.Kb2 Ke5 32.Rc4 1/2-1/2

[Event "Rewal 2011 - Open A"]
[Site "Rewal"]
[Date "2011.08.23"]
[Round "4.15"]
[White "Matuszczyk, Przemyslaw"]
[Black "Berlin, Tatiana"]
[Result "1-0"]
[WhiteElo "2032"]
[BlackElo "2206"]
[EventDate "2011.??.??"]
[PlyCount "39"]

1.e4 e5 2.Nf3 Nc6 3.d4 exd4 4.Nxd4 Bc5 5.Be3 Qf6 6.c3 Nge7 7.Bc4 d6 8.O-O 
Qg6 9.Kh1 Qxe4 10.Nd2 Qg6 11.Nb5 O-O 12.Nxc7 Bg4 13.f3 Bxe3 14.Nxa8 Nf5 
15.Qe1 Ne5 16.fxg4 Nxg4 17.Bd3 Nxh2 18.Qxe3 Nxf1 19.Nxf1 Rxa8 20.Qh3 1-0

[Event "Rewal 2011 - Open A"]
[Site "Rewal"]
[Date "2011.08.23"]
[Round "4.16"]
[White "Sabuk, Piotr"]
[Black "Kubica, Kamil"]
[Result "1-0"]
[WhiteElo "2199"]
[BlackElo "1941"]
[EventDate "2011.??.??"]
[PlyCount "45"]

1.e4 e5 2.Nf3 Nc6 3.Bb5 a6 4.Ba4 Nf6 5.O-O Nxe4 6.d4 b5 7.Bb3 d5 8.dxe5 
Be6 9.Nbd2 Nc5 10.c3 d4 11.Bxe6 Nxe6 12.cxd4 Ncxd4 13.a4 Be7 14.Nxd4 Nxd4 
15.Ne4 c5 16.Ra3 Qd5 17.Re1 O-O 18.Rh3 Qe6 19.Bg5 Nf5 20.Bxe7 Qxe7 21.Nf6+
gxf6 22.Qg4+ Ng7 23.Rg3 1-0